[Event "Chess Tournament, All Welcome"]
[Site "SchemingMind.com"]
[Date "2006.06.10"]
[Round "-"]
[White "Dr_Pat"]
[Black "Tipperary"]
[Result "0-1"]
[WhiteCountry "USA"]
[BlackCountry "IRL"]
[WhiteElo "1440"]
[WhiteRD "47"]
[BlackElo "1499"]
[BlackRD "71"]
[GameID "54677"]

1. d4 Nf6 2. c4 e5 3. dxe5 Ne4 4. Nd2 Bb4 5. a3 Bxd2+ 6. Bxd2 d6 7. Nf3 dxe5 8. g3 O-O 9. Bg2 Nc6 10. O-O Bg4
11. Be3 h6 12. Qa4 Bxf3 13. Bxf3 Nd2 14. Bxd2 Qxd2 15. b4 Nd4 16. Rfe1 Nxf3+ 17. exf3 Rad8 18. Rxe5 Qc3 19. Ree1 Qxf3 20. Rad1 c6
21. Rxd8 Rxd8 22. Qxa7 Rd2 23. Rf1 h5 24. Qxb7 h4 25. Qc8+ Kh7 26. gxh4 Rd4 27. c5 Rg4+
0-1

[Event "Chess Tournament, All Welcome"]
[Site "SchemingMind.com"]
[Date "2006.06.10"]
[Round "-"]
[White "Tipperary"]
[Black "Dr_Pat"]
[Result "1-0"]
[WhiteCountry "IRL"]
[BlackCountry "USA"]
[WhiteElo "1499"]
[WhiteRD "71"]
[BlackElo "1440"]
[BlackRD "47"]
[GameID "54678"]

1. e4 c5 2. c3 Nf6 3. d3 Nc6 4. Be3 e5 5. Nf3 d5 6. exd5 Nxd5 7. c4 Nxe3 8. fxe3 Be7 9. Nc3 O-O 10. Be2 b6
11. O-O Bb7 12. e4 Bg5 13. g3 Be3+ 14. Kh1 Nd4 15. Nxe5 Nxe2 16. Qxe2 Bd4 17. Rf5 Bxe5 18. Rxe5 Qd6 19. Rf5 g6 20. Rf2 Rad8
21. Rd1 Bc8 22. Nd5 Rde8 23. Nf6+ Kh8 24. Nxe8 Rxe8 25. Rxf7 a6 26. Rdf1 Be6 27. R1f6 Qd8 28. Ra7 a5 29. Qf2 Qb8 30. Rff7 Bxf7
31. Qf6+ Kg8 32. Qxf7+ Kh8 33. Qg7#
1-0

[Event "Chess Tournament, All Welcome"]
[Site "SchemingMind.com"]
[Date "2006.06.10"]
[Round "-"]
[White "Zugzwang"]
[Black "Dr_Pat"]
[Result "1-0"]
[WhiteCountry "CAN"]
[BlackCountry "USA"]
[WhiteElo "1531"]
[WhiteRD "64"]
[BlackElo "1440"]
[BlackRD "47"]
[GameID "54714"]

1. d4 Nf6 2. Nf3 e6 3. e3 d5 4. Bd3 b6 5. O-O Ba6 6. Bxa6 Nxa6 7. c4 Nb8 8. Nc3 Bb4 9. Qa4+ Nbd7 10. Qxb4 a5
11. Qb3 O-O 12. a4 c6 13. Re1 Rb8 14. e4 h6 15. exd5 exd5 16. cxd5 cxd5 17. Nxd5 Nxd5 18. Qxd5 Nf6 19. Qxd8 Rbxd8 20. Bd2 g5
21. Re2 Rfe8 22. Rxe8+ Rxe8 23. h3 Re2 24. Re1 Rxe1+ 25. Nxe1 Kf8 26. Nc2 Ke7 27. Ne3 Ne4 28. Bc3 Ke6 29. d5+ Kd6 30. b4 Nxc3
31. Nc4+ Kxd5 32. Nxb6+ Kc6 33. bxa5 f5 34. Kf1 Nd5 35. Ke2 Nxb6 36. axb6 Kxb6 37. Kf3 Ka5 38. g4 fxg4+ 39. Kxg4 Kxa4 40. Kh5 Kb5
41. Kxh6
1-0

[Event "Chess Tournament, All Welcome"]
[Site "SchemingMind.com"]
[Date "2006.06.10"]
[Round "-"]
[White "Zugzwang"]
[Black "Tipperary"]
[Result "0-1"]
[WhiteCountry "CAN"]
[BlackCountry "IRL"]
[WhiteElo "1539"]
[WhiteRD "67"]
[BlackElo "1542"]
[BlackRD "82"]
[GameID "54715"]

1. d4 c6 2. e4 d5 3. exd5 cxd5 4. c4 e6 5. Nf3 Nf6 6. Nc3 Bb4 7. Qa4+ Nc6 8. cxd5 Nxd5 9. Bd2 Bd7 10. Bc4 Nxd4
11. Qd1 Nb6 12. b3 Qf6 13. Rc1 h6 14. Nxd4 Qxd4 15. O-O Bd6 16. Nb5 Bxb5 17. Bxb5+ Nd7 18. Bxd7+ Kxd7 19. Bc3 Qd5 20. Qxd5 exd5
21. Bxg7 Rh7 22. Bf6 h5 23. Rfd1 Ke6 24. Bh4 f6 25. Re1+ Kf7 26. Bg3 Rd8 27. Bxd6 Rxd6 28. Rc7+ Kg6 29. Rxh7 Kxh7 30. Re7+ Kg6
31. Rxb7 Rc6 32. Rxa7 Rc1#
0-1

[Event "Chess Tournament, All Welcome"]
[Site "SchemingMind.com"]
[Date "2006.06.10"]
[Round "-"]
[White "Dr_Pat"]
[Black "Zugzwang"]
[Result "0-1"]
[WhiteCountry "USA"]
[BlackCountry "CAN"]
[WhiteElo "1440"]
[WhiteRD "47"]
[BlackElo "1531"]
[BlackRD "64"]
[GameID "54717"]

1. d4 f5 2. c4 Nf6 3. Nc3 e6 4. e3 b6 5. Nf3 Bb7 6. Bd2 c6 7. Be2 d5 8. O-O Nbd7 9. h3 Bd6 10. a3 O-O
11. b4 Qc7 12. Ng5 e5 13. Ne6 Qc8 14. Nxf8 Qxf8 15. c5 exd4 16. exd4 bxc5 17. dxc5 Be5 18. f4 Bd4+ 19. Kh1 Ne4 20. Rf3 Re8
21. Bd3 Nxc3 22. Bxc3 Bxc3 23. Rf1 Bxa1 24. Qxa1 Re3 25. Bc2 Qf6 26. Qb1 Ba6 27. a4 Bxf1 28. Qxf1 Qe6 29. Kh2 Nf6 30. a5 Ne4
31. Bxe4 Qxe4 32. Qa6 Qxf4+ 33. Kh1 Re1+
0-1

[Event "Chess Tournament, All Welcome"]
[Site "SchemingMind.com"]
[Date "2006.06.10"]
[Round "-"]
[White "Tipperary"]
[Black "Zugzwang"]
[Result "0-1"]
[WhiteCountry "IRL"]
[BlackCountry "CAN"]
[WhiteElo "1499"]
[WhiteRD "71"]
[BlackElo "1531"]
[BlackRD "64"]
[GameID "54718"]

1. e4 e5 2. Nf3 Nf6 3. d4 exd4 4. Bg5 h6 5. Bxf6 Qxf6 6. Qxd4 Qxd4 7. Nxd4 Nc6 8. c3 Bc5 9. Nd2 O-O 10. O-O-O Re8
11. f3 b6 12. Bc4 Ne5 13. b4 Nxc4 14. Nxc4 Bxd4 15. Rxd4 c5 16. bxc5 bxc5 17. Rd5 Ba6 18. Nd6 Re6 19. Rhd1 c4 20. Ra5 Bc8
21. Nxc8 Rxc8 22. Rxd7 a6 23. Rf5 Rcc6 24. Rfxf7 Rg6 25. g4 Rcf6 26. Rxf6 Rxf6 27. Rc7 Rxf3 28. Rxc4 Rf1+ 29. Kd2 Rf2+ 30. Ke3 Rxa2
31. e5 Rxh2 32. Rc8+ Kh7 33. e6 Rh1 34. Kf2 Rh2+ 35. Kf3 Rh3+ 36. Ke4 Rh2 37. Re8 Kg6 38. Rf8 Re2+ 39. Kd5 a5 40. Kd6 Rd2+
41. Ke7 a4 42. Rf6+ gxf6 43. c4 a3
0-1

[Event "Chess Tournament, All Welcome"]
[Site "SchemingMind.com"]
[Date "2006.06.10"]
[Round "-"]
[White "Orhany24"]
[Black "Zugzwang"]
[Result "1-0"]
[WhiteCountry "TUR"]
[BlackCountry "CAN"]
[WhiteElo "1747"]
[WhiteRD "72"]
[BlackElo "1531"]
[BlackRD "64"]
[GameID "54754"]

1. e4 e5 2. Nf3 Nf6 3. Nxe5 d6 4. Nf3 Nxe4 5. d4 d5 6. a3 Bd6 7. Bd3 O-O 8. O-O c5 9. c4 Bg4 10. cxd5 f5
11. dxc5 Nxc5 12. Be2 Re8 13. Nc3 Ne4 14. Be3 Bxf3 15. Bxf3 Nxc3 16. bxc3 Qc7 17. Bd4 Bxh2+ 18. Kh1 Bd6 19. g3 Nd7 20. Qd2 Re7
21. Kg2 b6 22. Qg5 Rf8 23. Rh1 f4 24. Be4 Nf6 25. Bd3 fxg3 26. fxg3 h6 27. Rxh6
1-0

[Event "Chess Tournament, All Welcome"]
[Site "SchemingMind.com"]
[Date "2006.06.10"]
[Round "-"]
[White "Orhany24"]
[Black "Dr_Pat"]
[Result "1-0"]
[WhiteCountry "TUR"]
[BlackCountry "USA"]
[WhiteElo "1747"]
[WhiteRD "72"]
[BlackElo "1440"]
[BlackRD "47"]
[GameID "54755"]

1. e4 c5 2. Nf3 d6 3. d4 cxd4 4. Nxd4 Nf6 5. Bd3 Bd7 6. c4 e5 7. Nb3 Nc6 8. Nc3 Be7 9. O-O O-O 10. h3 h6
11. Be3 a6 12. f4 Qc7 13. Rc1 Be6 14. Nd5 Bxd5 15. cxd5 Nb4 16. Rxc7
1-0

[Event "Chess Tournament, All Welcome"]
[Site "SchemingMind.com"]
[Date "2006.06.10"]
[Round "-"]
[White "Orhany24"]
[Black "Tipperary"]
[Result "1-0"]
[WhiteCountry "TUR"]
[BlackCountry "IRL"]
[WhiteElo "1747"]
[WhiteRD "72"]
[BlackElo "1499"]
[BlackRD "71"]
[GameID "54756"]

1. e4 e5 2. Nf3 Nc6 3. Bc4 g6 4. O-O Nf6 5. Re1 Bc5 6. c3 Ng4 7. d4 exd4 8. cxd4 Bb4 9. Bd2 O-O 10. h3 Bxd2
11. Nbxd2 Nh6 12. a3 Na5 13. Ba2 b5 14. b4 Nc4 15. Nxc4 bxc4 16. Bxc4 Bb7 17. Rc1 d6 18. Qd2 a6 19. Qxh6 Qe7 20. Ng5 a5
21. Qxh7#
1-0

[Event "Chess Tournament, All Welcome"]
[Site "SchemingMind.com"]
[Date "2006.06.12"]
[Round "-"]
[White "Zugzwang"]
[Black "Orhany24"]
[Result "0-1"]
[WhiteCountry "CAN"]
[BlackCountry "TUR"]
[WhiteElo "1539"]
[WhiteRD "67"]
[BlackElo "1665"]
[BlackRD "88"]
[GameID "54758"]

1. d4 d5 2. Nf3 e6 3. e3 h6 4. Bd3 Nf6 5. O-O c5 6. c3 c4 7. Bc2 Be7 8. Nbd2 Nc6 9. Qe2 O-O 10. e4 a6
11. Re1 b5 12. e5 Nd7 13. Nf1 f6 14. Nh4 fxe5 15. Qg4 Nf6 16. Qg6 e4 17. Bxh6 Ne8 18. Nf3 Rf6 19. Qg3 Rxh6 20. Ne5 Nxe5
21. Qxe5 Bd6
0-1

[Event "Chess Tournament, All Welcome"]
[Site "SchemingMind.com"]
[Date "2006.06.11"]
[Round "-"]
[White "Dr_Pat"]
[Black "Orhany24"]
[Result "0-1"]
[WhiteCountry "USA"]
[BlackCountry "TUR"]
[WhiteElo "1440"]
[WhiteRD "47"]
[BlackElo "1747"]
[BlackRD "72"]
[GameID "54759"]

1. d4 d5 2. c4 dxc4 3. e3 c5 4. Bxc4 Nc6 5. Nf3 cxd4 6. exd4 Nf6 7. d5 Nb8 8. Nc3 a6 9. O-O g6 10. h3 Bg7
11. Qa4+ Bd7 12. Qb3 b5 13. Bd3 O-O 14. Be3 Bc8 15. Rad1 Bb7 16. Be2 Nbd7 17. a3 Rc8 18. Bd4 Nb6 19. Bxb6 Qxb6 20. Nh2 Rfd8
21. Bg4 Nxg4 22. Nxg4 h5 23. Nh2 Qc5 24. Ne4 Qc2 25. Qxc2 Rxc2 26. d6 Bxe4 27. dxe7 Re8 28. Rd8 Rc8 29. Rfd1 Bf6 30. Rxe8+ Rxe8
31. Rd8 Rxd8
0-1

[Event "Chess Tournament, All Welcome"]
[Site "SchemingMind.com"]
[Date "2006.06.10"]
[Round "-"]
[White "Tipperary"]
[Black "Orhany24"]
[Result "0-1"]
[WhiteCountry "IRL"]
[BlackCountry "TUR"]
[WhiteElo "1499"]
[WhiteRD "71"]
[BlackElo "1747"]
[BlackRD "72"]
[GameID "54760"]

1. c4 c5 2. Nf3 Nc6 3. e3 e5 4. Bd3 d6 5. g3 f5 6. e4 fxe4 7. Bxe4 Nf6 8. d3 Nxe4 9. dxe4 Bg4 10. O-O Be7
11. Be3 O-O 12. Nbd2 Nd4 13. Bxd4 cxd4 14. a4 Bg5 15. Qc2 Bxf3 16. Nxf3 Rxf3 17. h4 Be7 18. Kg2 Rf8 19. Qe2 Qb6 20. Rab1 Qb3
21. h5 h6 22. Rbc1 Bg5 23. Rcd1 Rf7 24. Qg4 Raf8 25. Qe6 Qf3+ 26. Kg1 Qxh5 27. Rd3 Kh8 28. f3 Be3+ 29. Kg2 Rxf3 30. Qh3 Rf2+
31. Rxf2 Rxf2+
0-1

[Event "Chess Tournament, All Welcome"]
[Site "SchemingMind.com"]
[Date "2006.06.11"]
[Round "-"]
[White "MatdeInverses"]
[Black "Zugzwang"]
[Result "1-0"]
[WhiteCountry "USA"]
[BlackCountry "CAN"]
[WhiteElo "1978"]
[WhiteRD "46"]
[BlackElo "1539"]
[BlackRD "67"]
[GameID "54774"]

1. e4 e5 2. f4 Qh4+ 3. g3 Qe7 4. Nc3 exf4 5. d4 fxg3 6. hxg3 b6 7. Bf4 Qb4 8. Qd2 Qxb2 9. Rb1 Qa3 10. Rb3 Qe7
11. Nd5 Qxe4+ 12. Re3 Qxe3+ 13. Qxe3+ Kd8 14. Bxc7#
1-0

[Event "Chess Tournament, All Welcome"]
[Site "SchemingMind.com"]
[Date "2006.06.11"]
[Round "-"]
[White "MatdeInverses"]
[Black "Orhany24"]
[Result "1-0"]
[WhiteCountry "USA"]
[BlackCountry "TUR"]
[WhiteElo "2016"]
[WhiteRD "45"]
[BlackElo "1747"]
[BlackRD "72"]
[GameID "54775"]

1. e4 c5 2. d4 cxd4 3. Nf3 Nc6 4. c3 dxc3 5. Nxc3 d6 6. Bc4 e6 7. O-O Nf6 8. Qe2 Be7 9. Rd1 a6 10. Bf4 h6
11. e5 Nd5 12. Bxd5 exd5 13. exd6 O-O 14. dxe7 Nxe7 15. Qd3 Bf5 16. Qd4 Be6 17. Ne5 Nf5 18. Qb4 b5 19. a4 d4 20. axb5 Qb6
21. Na4 Qxb5 22. Qxb5 axb5 23. Nc5 Rac8 24. b4 Bc4 25. g4
1-0

[Event "Chess Tournament, All Welcome"]
[Site "SchemingMind.com"]
[Date "2006.06.11"]
[Round "-"]
[White "MatdeInverses"]
[Black "Dr_Pat"]
[Result "1-0"]
[WhiteCountry "USA"]
[BlackCountry "USA"]
[WhiteElo "2016"]
[WhiteRD "45"]
[BlackElo "1440"]
[BlackRD "47"]
[GameID "54776"]

1. e4 c5 2. d4 cxd4 3. Nf3 e5 4. c3 Nf6 5. Nxe5 Nc6 6. Nxc6 dxc6 7. e5 Ne4 8. Qxd4 Bf5 9. Qxd8+ Rxd8 10. Be3 Bc5
11. Bxc5 Nxc5 12. Nd2 O-O 13. Be2 Rfe8 14. f4 f6 15. Nf3 Nd3+ 16. Bxd3 Bxd3 17. O-O-O fxe5 18. Nxe5 Be4 19. Rxd8 Rxd8 20. Rg1 a5
21. g3 c5 22. Rd1 Rxd1+ 23. Kxd1 b5 24. Ke2 Kf8 25. Ke3 Bb1 26. a3 Ke7 27. Nc6+ Kd6 28. Nxa5 Kd5 29. Nb3 Bc2 30. Nd2 h5
31. h3 g6 32. g4 h4 33. Nf3 Kc4 34. Kd2 Be4 35. Nxh4 Kb3 36. Kc1 Bd3 37. Nxg6 Bxg6 38. f5 Bf7 39. g5 b4 40. axb4 cxb4
41. cxb4 Kxb4 42. g6 Bc4 43. f6 Kc5 44. f7
1-0

[Event "Chess Tournament, All Welcome"]
[Site "SchemingMind.com"]
[Date "2006.06.11"]
[Round "-"]
[White "MatdeInverses"]
[Black "Tipperary"]
[Result "1-0"]
[WhiteCountry "USA"]
[BlackCountry "IRL"]
[WhiteElo "2016"]
[WhiteRD "45"]
[BlackElo "1499"]
[BlackRD "71"]
[GameID "54777"]

1. e4 c5 2. c3 Nf6 3. e5 Ne4 4. d3 Ng5 5. Bxg5 h6 6. Bf4 e6 7. Nf3 Nc6 8. Nbd2 g5 9. Bg3 g4 10. Ng1 Bg7
11. Qxg4 Bxe5 12. Bxe5 Nxe5 13. Qg7 Rf8 14. Qxe5 d6 15. Qf4 e5 16. Qg3 Qb6 17. Nc4 Qc6 18. Nf3 b6 19. Nfxe5 Qd5 20. Nxf7 Qe6+
21. Be2 Rxf7 22. Nxd6+ Ke7 23. Nxf7 Kxf7 24. Qf3+ Ke7 25. Qxa8 Bd7 26. O-O Qxe2 27. Rfe1
1-0

[Event "Chess Tournament, All Welcome"]
[Site "SchemingMind.com"]
[Date "2006.06.12"]
[Round "-"]
[White "Zugzwang"]
[Black "MatdeInverses"]
[Result "0-1"]
[WhiteCountry "CAN"]
[BlackCountry "USA"]
[WhiteElo "1531"]
[WhiteRD "64"]
[BlackElo "2016"]
[BlackRD "45"]
[GameID "54779"]

1. d4 Nf6 2. Nf3 c5 3. e3 e6 4. c3 Nc6 5. Bd3 b6 6. O-O Bb7 7. Nbd2 Be7 8. e4 d6 9. Re1 Qc7 10. Nf1 h6
11. N1d2 O-O-O 12. a3 g5 13. b4 g4 14. b5 gxf3 15. bxc6 Qxc6 16. Nxf3 Rdg8 17. h3 c4 18. Bc2 h5 19. Ba4 b5 20. Bc2 Ne8
21. Bf4 f5 22. d5 exd5 23. exd5 Qxd5 24. Qxd5 Bxd5 25. Bxf5+ Kd8 26. Kh2 Bxf3 27. gxf3 Rf8 28. Rab1 Rxf5 29. Re4 Rhf8 30. Rbe1 R8f7
31. Bg5 Rxg5 32. h4 Rgf5 33. R1e3 d5 34. Rd4 Bc5
0-1

[Event "Chess Tournament, All Welcome"]
[Site "SchemingMind.com"]
[Date "2006.06.11"]
[Round "-"]
[White "Orhany24"]
[Black "MatdeInverses"]
[Result "0-1"]
[WhiteCountry "TUR"]
[BlackCountry "USA"]
[WhiteElo "1747"]
[WhiteRD "72"]
[BlackElo "2016"]
[BlackRD "45"]
[GameID "54780"]

1. e4 c5 2. Nf3 Nc6 3. d4 cxd4 4. Nxd4 Nf6 5. Nxc6 bxc6 6. Bd3 Ba6 7. O-O Bxd3 8. cxd3 d6 9. h3 e5 10. Qa4 Qd7
11. Nc3 Be7 12. Bg5 O-O 13. Rac1 Qb7 14. b3 Nd7 15. Bxe7 Nb6 16. Qb4 Qxe7 17. Na4 Nxa4 18. Qxa4 c5 19. f4 exf4 20. Rxf4 Rab8
21. Rcf1 Rb4 22. Qa3 Rd4 23. R4f3 f6 24. Rc1 Rb8 25. Qa6 d5 26. exd5 Rxd5 27. Qc4 Qe6 28. d4 Rb4 29. Qc3 Rbxd4 30. Re3 Rd1+
31. Rxd1 Rxd1+ 32. Kf2 Qd5 33. Qc4 Rd2+ 34. Kg1 Rxg2+ 35. Kf1 Qxc4+
0-1

[Event "Chess Tournament, All Welcome"]
[Site "SchemingMind.com"]
[Date "2006.06.11"]
[Round "-"]
[White "Dr_Pat"]
[Black "MatdeInverses"]
[Result "0-1"]
[WhiteCountry "USA"]
[BlackCountry "USA"]
[WhiteElo "1440"]
[WhiteRD "47"]
[BlackElo "2016"]
[BlackRD "45"]
[GameID "54781"]

1. d4 Nf6 2. c4 e6 3. Nc3 Bb4 4. Bd2 c5 5. a3 Bxc3 6. Bxc3 cxd4 7. Qxd4 Nc6 8. Qh4 d6 9. O-O-O O-O 10. Bxf6 Qxf6
11. Qxf6 gxf6 12. Nf3 Rd8 13. e3 Kf8 14. Bd3 h6 15. h3 Ke7 16. Rde1 Bd7 17. Kb1 Rac8 18. Nd4 Ne5 19. Be2 Nxc4 20. Bxc4 Rxc4
21. Rc1 Rdc8 22. Rxc4 Rxc4 23. g4 b5 24. Rc1 Rxc1+ 25. Kxc1 e5 26. Nf5+ Bxf5 27. gxf5 d5 28. Kc2 Kd6 29. f3 e4 30. fxe4 dxe4
31. Kc3 Ke5 32. Kb4 a6 33. Ka5 Kxf5 34. Kxa6 Ke5 35. Kxb5 f5 36. a4 f4 37. exf4+ Kxf4 38. a5 e3 39. a6 e2 40. a7 e1=Q
41. a8=Q Qe5+ 42. Ka4 Qxb2 43. Qf8 Qf6 44. Qb4+ Kg3 45. Qg4+ Kh2 46. h4 Qe5 47. Kb4 f5 48. Qg5 hxg5
0-1

[Event "Chess Tournament, All Welcome"]
[Site "SchemingMind.com"]
[Date "2006.06.11"]
[Round "-"]
[White "Tipperary"]
[Black "MatdeInverses"]
[Result "0-1"]
[WhiteCountry "IRL"]
[BlackCountry "USA"]
[WhiteElo "1499"]
[WhiteRD "71"]
[BlackElo "2016"]
[BlackRD "45"]
[GameID "54782"]

1. c4 e5 2. Nc3 Nf6 3. Nf3 Nc6 4. e4 g6 5. d3 Bg7 6. Bg5 h6 7. Be3 O-O 8. Qe2 Ng4 9. O-O-O Nxe3 10. fxe3 d6
11. h3 a5 12. g4 a4 13. a3 Bd7 14. Qg2 Na5 15. g5 Nb3+ 16. Kb1 h5 17. Nd5 c6 18. Nf6+ Bxf6 19. gxf6 Qxf6 20. Ng5 d5
21. Be2 b5 22. Bxh5 bxc4 23. dxc4 gxh5 24. exd5 Bf5+ 25. e4 Bg6 26. Rhf1 Qg7 27. Rg1 Nd4 28. d6 Rab8 29. Rdf1 Rb3 30. Ne6 Nxe6
31. d7 Rd8 32. Rd1 Nd4 33. Rde1 Rxd7 34. c5 Rdb7 35. Ref1 Rxb2+ 36. Qxb2 Rxb2+ 37. Kxb2 Qh6 38. Rg2 Qe3 39. h4 Qxe4 40. Rgf2 Qd3
41. Rg1 Qb3+ 42. Kc1 Qe3+ 43. Kd1 Qxf2 44. Rxg6+ fxg6
0-1

[Event "Chess Tournament, All Welcome"]
[Site "SchemingMind.com"]
[Date "2006.06.11"]
[Round "-"]
[White "jjb091"]
[Black "Zugzwang"]
[Result "1-0"]
[WhiteCountry "USA"]
[BlackCountry "CAN"]
[WhiteElo "1650"]
[WhiteRD "81"]
[BlackElo "1539"]
[BlackRD "67"]
[GameID "54862"]

1. e4 e5 2. Nf3 Nf6 3. Nxe5 d6 4. Nf3 Nxe4 5. d4 d5 6. Bd3 Bd6 7. O-O O-O 8. c4 Bg4 9. cxd5 f5 10. Nc3 Nd7
11. h3 Bxf3 12. Qxf3 Ng5 13. Bxg5 Qxg5 14. Nb5 a6 15. Nxd6 cxd6 16. Rac1 Rac8 17. Rc3 Rxc3 18. bxc3 f4 19. c4 Nf6 20. Rb1 Rb8
21. Rb6 Re8 22. Rxd6 Re1+ 23. Kh2 Nh5 24. Re6 Rxe6 25. dxe6 b6 26. Qa8+
1-0

[Event "Chess Tournament, All Welcome"]
[Site "SchemingMind.com"]
[Date "2006.06.11"]
[Round "-"]
[White "jjb091"]
[Black "Orhany24"]
[Result "0-1"]
[WhiteCountry "USA"]
[BlackCountry "TUR"]
[WhiteElo "1635"]
[WhiteRD "77"]
[BlackElo "1747"]
[BlackRD "72"]
[GameID "54863"]

1. e4 c5 2. Nf3 Nc6 3. d4 cxd4 4. Nxd4 d6 5. Nc3 a6 6. Bc4 e6 7. Be3 Nf6 8. O-O Be7 9. f4 O-O 10. e5 dxe5
11. Nxc6 bxc6 12. fxe5 Nd5 13. Nxd5 cxd5 14. Bd3 Bg5 15. Qh5 Bxe3+ 16. Kh1 g6 17. Qh3 Bg5 18. Qg3 Be7 19. Rf3 f5 20. exf6 Bxf6
21. Raf1 Bg7 22. b3 Bb7 23. Rxf8+ Bxf8 24. h4 Qd6 25. Qg4 e5 26. h5 e4 27. Be2 Bg7 28. Rd1 gxh5 29. Qxh5 Qh6 30. Qxh6 Bxh6
31. Bg4 Kg7 32. Be6 Rd8 33. Kh2 Bf4+ 34. Kh3 Bc8 35. Bxc8 Rxc8 36. Rxd5 e3 37. Rd1 Rxc2 38. g3 Bg5 39. Kg4 h6 40. Kf3 Rxa2
0-1

[Event "Chess Tournament, All Welcome"]
[Site "SchemingMind.com"]
[Date "2006.06.11"]
[Round "-"]
[White "jjb091"]
[Black "Dr_Pat"]
[Result "1-0"]
[WhiteCountry "USA"]
[BlackCountry "USA"]
[WhiteElo "1635"]
[WhiteRD "77"]
[BlackElo "1440"]
[BlackRD "47"]
[GameID "54864"]

1. e4 c5 2. Nf3 d6 3. d4 cxd4 4. Nxd4 Nf6 5. Nc3 e5 6. Bb5+ Nbd7 7. Nf5 a6 8. Bxd7+ Qxd7 9. Bg5 Be7 10. Nxg7+ Kf8
11. Nf5 Rg8 12. Bh6+ Ke8 13. Nxe7 Qxe7 14. Qf3 Bg4 15. Qd3 Bd7 16. O-O-O Ng4 17. Be3 Nxe3 18. Qxe3 b5 19. Nd5 Qd8 20. Qf3 Rg6
21. h3 a5 22. Qh5 Qg5+ 23. Qxg5 Rxg5 24. Nc7+
1-0

[Event "Chess Tournament, All Welcome"]
[Site "SchemingMind.com"]
[Date "2006.06.11"]
[Round "-"]
[White "jjb091"]
[Black "MatdeInverses"]
[Result "0-1"]
[WhiteCountry "USA"]
[BlackCountry "USA"]
[WhiteElo "1635"]
[WhiteRD "77"]
[BlackElo "2016"]
[BlackRD "45"]
[GameID "54865"]

1. e4 c5 2. Nf3 Nc6 3. d4 cxd4 4. Nxd4 Nf6 5. Nc3 d6 6. Be3 Bd7 7. Be2 e5 8. Ndb5 Be6 9. Nd5 Bxd5 10. exd5 Nb8
11. Bg5 Be7 12. O-O a6 13. Nc3 Nbd7 14. Be3 O-O 15. Bf3 b5 16. a3 Rc8 17. Re1 Nb6 18. Ne2 e4 19. Nd4 exf3 20. Nc6 Rxc6
21. dxc6 Nc4 22. Qd4 Qc8 23. b3 Ne5 24. Qb6 Qg4 25. g3 Qh3
0-1

[Event "Chess Tournament, All Welcome"]
[Site "SchemingMind.com"]
[Date "2006.06.11"]
[Round "-"]
[White "jjb091"]
[Black "Tipperary"]
[Result "1-0"]
[WhiteCountry "USA"]
[BlackCountry "IRL"]
[WhiteElo "1607"]
[WhiteRD "78"]
[BlackElo "1397"]
[BlackRD "70"]
[GameID "54866"]

1. e4 c5 2. Nf3 Nh6 3. c3 e6 4. d4 d6 5. dxc5 d5 6. exd5 Bxc5 7. Bb5+ Bd7 8. Bxd7+ Nxd7 9. dxe6 fxe6 10. Bxh6 gxh6
11. O-O O-O 12. Nd4 Bxd4 13. Qxd4 Nf6 14. Rd1 Ne4 15. f3 Nf6 16. Na3 a6 17. Qe5 Qb6+ 18. Kh1 Rac8 19. Nc2 Qxb2 20. Qxe6+ Kg7
21. Ne3 Qxc3 22. Nf5+ Kh8 23. Qe7 Nh5 24. Nxh6 Qf6 25. Qxf6+ Rxf6 26. Ng4 Rfc6 27. Kg1 Nf4 28. Rd7 Rc2 29. Ne3 Ne2+ 30. Kf1 Rb2
31. a4 Rc3 32. Nd1 Rbc2 33. Nxc3 Nxc3 34. Re1 Re2 35. Rxe2 Nxe2 36. Kxe2 b5 37. axb5 axb5 38. Kd3 Kg8 39. Kc3 b4+ 40. Kxb4 Kh8
41. f4 Kg8 42. f5 h5 43. f6 h4 44. g4 h3 45. g5 Kf8 46. g6 Ke8 47. Ra7 Kd8 48. g7
1-0

[Event "Chess Tournament, All Welcome"]
[Site "SchemingMind.com"]
[Date "2006.06.12"]
[Round "-"]
[White "Zugzwang"]
[Black "jjb091"]
[Result "0-1"]
[WhiteCountry "CAN"]
[BlackCountry "USA"]
[WhiteElo "1539"]
[WhiteRD "67"]
[BlackElo "1650"]
[BlackRD "81"]
[GameID "54868"]

1. d4 Nf6 2. Nf3 e6 3. e3 d5 4. Bd3 Nbd7 5. c3 Bd6 6. O-O e5 7. dxe5 Nxe5 8. Nxe5 Bxe5 9. Nd2 O-O 10. Qe2 c6
11. e4 Qc7 12. Nf3 Bg4 13. h3 Bh5 14. Qe3 dxe4 15. Bxe4 Rfe8 16. Re1 Nxe4 17. Nxe5 Rxe5 18. f4 Re7 19. f5 Rae8 20. Qd4 Ng5
21. Bxg5 Rxe1+ 22. Rxe1 Rxe1+
0-1

[Event "Chess Tournament, All Welcome"]
[Site "SchemingMind.com"]
[Date "2006.06.11"]
[Round "-"]
[White "Orhany24"]
[Black "jjb091"]
[Result "1-0"]
[WhiteCountry "TUR"]
[BlackCountry "USA"]
[WhiteElo "1747"]
[WhiteRD "72"]
[BlackElo "1635"]
[BlackRD "77"]
[GameID "54869"]

1. e4 c5 2. Nf3 d6 3. d4 cxd4 4. Nxd4 Nf6 5. Bd3 Nc6 6. Nxc6 bxc6 7. c4 g6 8. O-O Bg7 9. Nc3 O-O 10. Be3 Nd7
11. f4 a5 12. Rc1 Nb6 13. b3 Bb7 14. Qc2 d5 15. cxd5 cxd5 16. Nxd5 Nxd5 17. exd5 Qxd5 18. Bc4 Qe4 19. Qxe4 Bxe4 20. Rfd1 Bb2
21. Kf2 Bxc1 22. Rxc1 Rfc8 23. g4 e6 24. Bd4 f5 25. Bxe6+ Kf8 26. Bxc8 fxg4 27. Bxg4 Rd8 28. Be3 Kf7 29. Rc7+ Kf6 30. Rxh7 Rc8
31. Bxc8
1-0

[Event "Chess Tournament, All Welcome"]
[Site "SchemingMind.com"]
[Date "2006.06.11"]
[Round "-"]
[White "Dr_Pat"]
[Black "jjb091"]
[Result "0-1"]
[WhiteCountry "USA"]
[BlackCountry "USA"]
[WhiteElo "1440"]
[WhiteRD "47"]
[BlackElo "1635"]
[BlackRD "77"]
[GameID "54870"]

1. d4 Nf6 2. c4 e6 3. Nc3 Bb4 4. e3 O-O 5. Nf3 c5 6. Bd2 cxd4 7. exd4 d5 8. a3 Bxc3 9. Bxc3 b6 10. Be2 dxc4
11. Bxc4 Ba6 12. Bxa6 Nxa6 13. O-O Nc7 14. Rc1 Ncd5 15. Ng5 Qd6 16. Re1 h6 17. Ne4 Nxe4 18. Rxe4 Rac8 19. Bb4 Nxb4 20. axb4 Qxb4
21. Rxc8 Rxc8 22. b3 Rc3 23. Re3 a5 24. Rxc3 Qxc3 25. h3 b5 26. d5 exd5 27. Qxd5 a4 28. bxa4 bxa4 29. Qa8+ Kh7 30. Qxa4 Qe1+
31. Kh2 Qxf2 32. Qe4+ g6 33. h4 Kg7 34. Kh1 Qf5 35. Qxf5 gxf5 36. g3 Kg6 37. Kg2 Kh5 38. Kf3 f6 39. Kf4 Kg6 40. g4 fxg4
41. Kxg4 f5+ 42. Kf4 Kf6 43. h5 Ke6 44. Ke3 Ke5 45. Kf3 Ke6 46. Kf4 Kf6
0-1

[Event "Chess Tournament, All Welcome"]
[Site "SchemingMind.com"]
[Date "2006.06.11"]
[Round "-"]
[White "MatdeInverses"]
[Black "jjb091"]
[Result "1-0"]
[WhiteCountry "USA"]
[BlackCountry "USA"]
[WhiteElo "2016"]
[WhiteRD "45"]
[BlackElo "1635"]
[BlackRD "77"]
[GameID "54871"]

1. e4 c5 2. Nc3 Nc6 3. f4 g6 4. Nf3 Bg7 5. g3 d6 6. Bg2 Nf6 7. d3 O-O 8. O-O Rb8 9. a4 Bg4 10. h3 Bd7
11. Be3 Re8 12. Ne2 Na5 13. g4 b5 14. axb5 Bxb5 15. Ng3 Nc6 16. Qd2 Nb4 17. Rxa7 Ra8 18. Rxa8 Qxa8 19. e5 Nfd5 20. Bf2 Qa2
21. c4 Ba6 22. cxd5 Nxd3 23. e6 Nxf4 24. exf7+ Kxf7 25. Qxf4+ Bf6 26. g5 Bxf1 27. Nxf1 Qxb2 28. gxf6
1-0